La Abadía de Northanger

Shranjeno v:
Bibliografske podrobnosti
Glavni avtor: Austen, Jane
Format: Knjiga
Jezik:Spanish
Izdano: Barcelona, España Plutón Ediciones X 2014
Teme:
Oznake: Označite
Brez oznak, prvi označite!

MARC

LEADER 00000nam a22000007a 4500
008 171130b xxu||||| |||| 00| 0 spa d
040 |a cru BVZT 
090 |a 820 A-8a 
100 |a Austen, Jane 
245 |a La Abadía de Northanger  |c Jane Austen; Benjamín Briggent (Trad.) 
260 |a Barcelona, España  |b Plutón Ediciones X  |c 2014 
300 |a 286 páginas 
650 |a LITERATURA INGLESA 
650 |a NOVELA 
942 |c 15 D 
999 |c 15416  |d 15416